Sustainable Agriculture for Doubling Income and Rural Livelihoods/ (Record no. 190698)

MARC details
000 -LEADER
fixed length control field 00657nam a22001937a 4500
005 - DATE AND TIME OF LATEST TRANSACTION
control field 20220803105540.0
010 ## - LCCN (DPL NO)
LC control number ENG-134184
020 ## - INTERNATIONAL STANDARD BOOK NUMBER
International Standard Book Number 9789391373801
Terms of availability 550.00
035 ## - SYSTEM CONTROL NUMBER
System control number EN-117716
037 ## - SOURCE OF ACQUISITION
Source of stock number/acquisition DBAD/PUB
082 ## - DEWEY DECIMAL CLASSIFICATION NUMBER
Classification number 631.584
245 ## - TITLE STATEMENT
Title Sustainable Agriculture for Doubling Income and Rural Livelihoods/
Statement of responsibility, etc edited by Santosh Kumar Samantaray;C.Thatchinamoorthy and P.Mareeswaran
260 ## - PUBLICATION, DISTRIBUTION, ETC. (IMPRINT)
Place of publication, distribution, etc Tamil Nadu
Name of publisher, distributor, etc Shanlax Publications
Date of publication, distribution, etc 2021
270 ## - ADDRESS
Address Vasantha Nagar,Madurai,
City Tamil Nadu
Postal code 625003
300 ## - PHYSICAL DESCRIPTION
Extent 121p..
Dimensions 22cm(pbk)
700 ## - ADDED ENTRY--PERSONAL NAME
Personal name Thatchinamoorthy,C.
700 ## - ADDED ENTRY--PERSONAL NAME
Personal name Mareeswaran,P.
942 ## - ADDED ENTRY ELEMENTS (KOHA)
Source of classification or shelving scheme Dewey Decimal Classification
Item type English Books
Classification part 631.584
Call number suffix SUS
Holdings
Withdrawn status Lost status Not for loan Collection code Home library Current library Date acquired Source of acquisition Cost, normal purchase price Full call number Barcode Copy number Cost, replacement price Koha item type
      Fiction Bawana Bawana 03/08/2022 DBAD/PUB 550.00 631.584 SUS EN-117716 1 550.00 English Books

© Delhi Public Library
Hit Counter
free hit counter